000 01017nam a2200145Ia 4500
008 231221s9999 xx 000 0 und d
041 _aEnglish
082 _aCPEC15-1072
100 _aNaimahmed Nesaragi. Pradeep Kumar, B. Ananda, C M. Suganthi , J.
245 0 _aDesign Of Fiber Channel Based High Speed Serial Transmitter For Video Protocol On FPGA
260 _c2015
500 _aDesign Of Fiber Channel Based High Speed Serial Transmitter For Video Protocol On FPGA Naimahmed Nesaragi , B. , Dr. C.M. Ananda , J.Suganthi P E S Institute of Technology, Bangalore, India Aerospace Electronics and Systems Division, CSIR National Aerospace Laboratories, Bangalore, India Email: naimahmed.nesaragi@gmail.com, pradeepkumar@nal.res.in, ananda_cm@nal.res.in, suganthij@pes.edu 12th IEEE and IFIP International Conference on Wireless and Optical Communication Networks WOCN 2015 Conference Program. September 2015.
650 _aFiber,Channel,High,Speed,Serial,Transmitter,Protocol,FPGA
942 _cIR
999 _c233597
_d233597